| 000 | 01193nam a2200337 c 4500 | ||
|---|---|---|---|
| 003 | BLK | ||
| 005 | 20250409112316.0 | ||
| 008 | 180408b bul|||||r ||||||| ||bul|| | ||
| 010 | _aKNG00090797000 | ||
| 020 |
_a978-954-655-030-9 _bиздат.: Бард |
||
| 040 | _aBLK | ||
| 041 |
_aBUL _cBUL |
||
| 080 |
_aАмериканска литература (на САЩ) _b821.111(73) _x-312.4 _z821.111(73)-312.4 |
||
| 100 | 1 |
_aЧайлд, Линкълн _eпърви автор _9371313 |
|
| 700 | 1 |
_aГеоргиев, Асен _eпрев. _9364315 |
|
| 139 |
_aЧайлд, Линкълн _bЧ 16 |
||
| 245 | 1 | 0 |
_aЗоната _bРоман _cЛинкълн Чайлд; прев. Асен Георгиев. |
| 257 | _aUSA | ||
| 260 |
_аСофия _bБард _c2009 _fХасково : Полиграфюг |
||
| 300 |
_a336 с. _c21 см |
||
| 380 | _aX | ||
| 490 | 1 | _aКралете на трилъра | |
| 500 | _aОриг. загл. Terminal Freeze / Lincoln Child. | ||
| 590 | _aф | ||
| 852 | _aЦб 244899 | ||
| 856 | 4 |
_qpdf _u |
|
| 856 | 4 |
_qpdf _u |
|
| 942 |
_cKNG _n0 _032 |
||
| 944 |
_aCR _c12.08.2009 _lЦветелина Шанова _k30531 |
||
| 944 |
_aED _c16.11.2011 _lф / _k |
||
| 999 |
_c86177 _d86177 |
||